00419nam a2200157Ia 45000010006000000050017000060080041000230410008000640820015000721000036000872450082001232600009002053000031002146500008002456540008002532224320260414150818.0260414t2016||||xx |||||||||||||| ||spa|| aESP a621.3bC48 aCerdá Filiu, Luis MigueleAUT 0aProcesos en instalaciones de infraestructuras comunes de telecomunicacionesb c2016 ax, 255 páginas :c27 cm. aTCA aCET